<?xml version="1.0" encoding="UTF-8"?>
<record
    xmlns:xsi="http://www.w3.org/2001/XMLSchema-instance"
    xsi:schemaLocation="http://www.loc.gov/MARC21/slim http://www.loc.gov/standards/marcxml/schema/MARC21slim.xsd"
    xmlns="http://www.loc.gov/MARC21/slim">

  <leader>01535nab a22002897a 4500</leader>
  <controlfield tag="005">20150724083422.0</controlfield>
  <controlfield tag="008">150723b2015    ck  ||||r|||| 00| 0 spa d</controlfield>
  <datafield tag="040" ind1=" " ind2=" ">
    <subfield code="a">CO-BoIAVH</subfield>
    <subfield code="c">CO-BoIAVH</subfield>
  </datafield>
  <datafield tag="041" ind1=" " ind2=" ">
    <subfield code="a">spa</subfield>
  </datafield>
  <datafield tag="044" ind1=" " ind2=" ">
    <subfield code="a">ck</subfield>
  </datafield>
  <datafield tag="100" ind1="1" ind2=" ">
    <subfield code="a">Contreras Lozano, Karen Paola</subfield>
    <subfield code="9">36239</subfield>
  </datafield>
  <datafield tag="245" ind1="1" ind2="3">
    <subfield code="a">El Nopal (Opuntia ficus-indica) como coagulante natural complementario en la clarificaci&#xF3;n de agua</subfield>
    <subfield code="c">Karen Paola Contreras Lozano, Yelitza Aguas Mendoza...[et.al.]</subfield>
  </datafield>
  <datafield tag="246" ind1=" " ind2=" ">
    <subfield code="a">Nopal (Opuntia ficus-indica) as a complementary natural coagulant to clarify water</subfield>
  </datafield>
  <datafield tag="260" ind1="3" ind2=" ">
    <subfield code="a">Caldas, Antioqu&#xED;a (Colombia):</subfield>
    <subfield code="b">Corporaci&#xF3;n Universitaria Lasallista,</subfield>
    <subfield code="c">2015.</subfield>
  </datafield>
  <datafield tag="300" ind1=" " ind2=" ">
    <subfield code="a">A&#xF1;o 2015, Nro 1, Enero-Junio, Pag. 40-50.</subfield>
  </datafield>
  <datafield tag="504" ind1=" " ind2=" ">
    <subfield code="a">Incluye referencias bibliogr&#xE1;ficas (P&#xE1;g. 49-50).</subfield>
  </datafield>
  <datafield tag="520" ind1=" " ind2=" ">
    <subfield code="a">La clarificaci&#xF3;n es un proceso preliminar en la potabilizaci&#xF3;n del agua, que consiste en la aplicaci&#xF3;n de un coagulante que agrupe las part&#xED;culas en suspensi&#xF3;n haci&#xE9;ndolas flocular , para luego separarlas por filtraci&#xF3;n.</subfield>
  </datafield>
  <datafield tag="650" ind1=" " ind2="6">
    <subfield code="a">Opuntia ficus indica</subfield>
    <subfield code="x">Coagulaci&#xF3;n</subfield>
    <subfield code="9">36247</subfield>
  </datafield>
  <datafield tag="650" ind1=" " ind2="6">
    <subfield code="a">Nopal</subfield>
    <subfield code="x">Coagulaci&#xF3;n</subfield>
    <subfield code="9">36248</subfield>
  </datafield>
  <datafield tag="650" ind1=" " ind2="4">
    <subfield code="a">Contaminaci&#xF3;n del agua</subfield>
    <subfield code="x">Control</subfield>
    <subfield code="z">Colombia</subfield>
    <subfield code="9">36249</subfield>
  </datafield>
  <datafield tag="700" ind1="1" ind2=" ">
    <subfield code="a">Aguas Mendoza, Yelitza</subfield>
    <subfield code="9">36243</subfield>
  </datafield>
  <datafield tag="700" ind1="1" ind2=" ">
    <subfield code="a">Salcedo Mendoza, Jairo Guadalupe</subfield>
    <subfield code="9">36244</subfield>
  </datafield>
  <datafield tag="700" ind1="1" ind2=" ">
    <subfield code="a">Oliverio Verbel, Rafael</subfield>
    <subfield code="9">36245</subfield>
  </datafield>
  <datafield tag="700" ind1="1" ind2=" ">
    <subfield code="a">Mendoza Ortega, Gean Pablo</subfield>
    <subfield code="9">36246</subfield>
  </datafield>
  <datafield tag="773" ind1="0" ind2=" ">
    <subfield code="d">Caldas (Antioquia) :  Corporaci&#xF3;n Universitaria Lasallista,  2006- .</subfield>
    <subfield code="o">042058</subfield>
    <subfield code="t">Producci&#xF3;n m&#xE1;s limpia / </subfield>
    <subfield code="x">19090455</subfield>
  </datafield>
  <datafield tag="942" ind1=" " ind2=" ">
    <subfield code="2">z</subfield>
    <subfield code="c">ARTICULO</subfield>
  </datafield>
  <datafield tag="999" ind1=" " ind2=" ">
    <subfield code="c">17617</subfield>
    <subfield code="d">17617</subfield>
  </datafield>
</record>
